000 00608cam a2200217 a 4500
001 2316173
005 20180103033338.0
008 811026s1982 mdua b 001 0 eng
010 _a 81047621
020 _a0801827132 :
_c$25.00
040 _aDLC
_cDLC
_dDLC
041 _aeng
080 _a333.7 SMI
082 0 0 _a333.7 SMI
_219
100 _a52
101 _aEKO
245 0 0 _aExplorations in natural resource economics /
_cV. Kerry Smith and John V. Krutilla, editors.
504 _aIncludes bibliographies and index.
906 _a7
_bcbc
_corignew
_d1
_eocip
_f19
_gy-gencatlg
942 _2ddc
_cBK
999 _c39593
_d39593